000 00432nam a2200157Ia 4500
008 210210b1983 xxu||||| |||| 00| 0 eng d
020 _a0 07 065163 9
082 _a001.64 TREI
100 _aTREAMBLAY (Jean Paul) and BUNT (Richard B).
245 _aIntroduction to computer science.
260 _aJapan
_bMcGraw Hill company
_c1983
300 _axx,636
650 _aAlgorithm
690 _aComputer Science
906 _aSG01894
999 _c113164
_d113164